[Event "US Cadet Championship Blitz"]
[Site "Manchester, NH"]
[Date "2017.08.17"]
[Round "3.1"]
[White "Shen, Christopher"]
[Black "Lu, Albert"]
[Result "1-0"]
[BlackElo "2323"]
[WhiteElo "2167"]
[LiveChessVersion "1.4.8"]

1. c4 {[%clk 0:05:03]} Nf6 {[%clk 0:05:01]} 2. g3 {[%clk 0:05:03]} g6
{[%clk 0:04:58]} 3. Bg2 {[%clk 0:05:04]} Bg7 {[%clk 0:04:59]} 4. Nc3
{[%clk 0:05:05]} O-O {[%clk 0:04:59]} 5. Nf3 {[%clk 0:05:05]} c5 {[%clk 0:04:59]}
6. d4 {[%clk 0:05:02]} cxd4 {[%clk 0:04:58]} 7. Nxd4 {[%clk 0:05:01]} Nc6
{[%clk 0:04:51]} 8. O-O {[%clk 0:04:56]} a6 {[%clk 0:04:45]} 9. Nxc6
{[%clk 0:04:36]} bxc6 {[%clk 0:04:25]} 10. e4 {[%clk 0:04:32]} Qc7
{[%clk 0:04:09]} 11. Bf4 e5 {[%clk 0:03:12]} 12. Be3 {[%clk 0:04:19]} d6
{[%clk 0:02:44]} 13. h3 {[%clk 0:04:13]} Be6 {[%clk 0:02:34]} 14. b3
{[%clk 0:04:12]} Nd7 {[%clk 0:02:29]} 15. Qd2 {[%clk 0:04:02]} Rfd8
{[%clk 0:01:10]} 16. Na4 {[%clk 0:03:54]} Rab8 17. Rfd1 {[%clk 0:03:45]} Nf6
{[%clk 0:00:55]} 18. Rac1 c5 {[%clk 0:00:35]} 19. Nc3 {[%clk 0:03:32]} Qd7
{[%clk 0:00:23]} 20. Kh2 {[%clk 0:03:29]} a5 {[%clk 0:00:24]} 21. Nd5
{[%clk 0:03:26]} Bxd5 1-0

[Event "US Cadet Championship Blitz"]
[Site "Manchester, NH"]
[Date "2017.08.17"]
[Round "3.2"]
[White "Yip, Carissa"]
[Black "Niemann, Hans"]
[Result "0-1"]
[BlackElo "2254"]
[WhiteElo "2187"]
[LiveChessVersion "1.4.8"]

1. e4 {[%clk 0:05:03]} d5 {[%clk 0:04:56]} 2. exd5 {[%clk 0:05:03]} Qxd5
{[%clk 0:04:57]} 3. Nc3 {[%clk 0:05:05]} Qd6 {[%clk 0:04:58]} 4. d4
{[%clk 0:05:06]} c6 {[%clk 0:05:00]} 5. Be2 {[%clk 0:05:04]} Nf6 {[%clk 0:04:46]}
6. g3 {[%clk 0:05:05]} Nbd7 {[%clk 0:04:42]} 7. Bf4 {[%clk 0:05:06]} Qb4
{[%clk 0:04:43]} 8. Qd2 {[%clk 0:04:59]} e6 {[%clk 0:04:40]} 9. Nf3
{[%clk 0:04:44]} Nd5 {[%clk 0:04:28]} 10. O-O {[%clk 0:04:15]} Nxf4
{[%clk 0:04:22]} 11. Qxf4 {[%clk 0:04:14]} Bd6 {[%clk 0:04:16]} 12. Ne5
{[%clk 0:03:45]} O-O {[%clk 0:03:36]} 13. a3 {[%clk 0:03:27]} Qa5
{[%clk 0:03:23]} 14. Nxc6 {[%clk 0:02:34]} Qc7 {[%clk 0:03:08]} 15. Ne7+
{[%clk 0:02:34]} Kh8 {[%clk 0:03:09]} 16. Qh4 {[%clk 0:02:35]} Nf6
{[%clk 0:03:08]} 17. Nxc8 {[%clk 0:02:32]} Raxc8 {[%clk 0:03:08]} 18. Nb5
{[%clk 0:02:23]} Qb6 {[%clk 0:03:08]} 19. Nxd6 {[%clk 0:01:39]} Qxd6
{[%clk 0:03:08]} 20. Bd3 {[%clk 0:01:40]} h6 {[%clk 0:03:05]} 21. Rfe1
{[%clk 0:01:39]} Rfd8 {[%clk 0:02:54]} 22. c3 {[%clk 0:01:40]} Qd5
{[%clk 0:02:52]} 23. Re5 {[%clk 0:01:36]} Qf3 {[%clk 0:02:48]} 24. Be2
{[%clk 0:01:34]} Qc6 {[%clk 0:02:48]} 25. Qf4 {[%clk 0:01:20]} Qb6
{[%clk 0:02:38]} 26. Rb5 {[%clk 0:01:13]} Qc6 {[%clk 0:02:39]} 27. c4
{[%clk 0:00:59]} b6 {[%clk 0:02:19]} 28. b3 {[%clk 0:00:57]} Qe4 {[%clk 0:02:15]}
29. Qxe4 {[%clk 0:00:27]} Nxe4 {[%clk 0:02:15]} 30. Bf3 {[%clk 0:00:23]} Nd2
{[%clk 0:01:54]} 31. Bb7 Rc7 32. Bg2 {[%clk 0:00:11]} Rxd4 {[%clk 0:01:57]} 33.
f4 {[%clk 0:00:04]} Rcd7 {[%clk 0:01:51]} 34. a4 {[%clk 0:00:05]} Rd3
{[%clk 0:01:50]} 35. a5 {[%clk 0:00:05]} Nxb3 {[%clk 0:01:49]} 36. Ra3
{[%clk 0:00:03]} Nxa5 {[%clk 0:01:48]} 37. Rxd3 {[%clk 0:00:04]} Rxd3
{[%clk 0:01:49]} 38. c5 {[%clk 0:00:06]} Rd1+ {[%clk 0:01:43]} 39. Kf2
{[%clk 0:00:06]} Rd2+ {[%clk 0:01:44]} 40. Kf1 {[%clk 0:00:06]} Nc4
{[%clk 0:01:40]} 41. c6 {[%clk 0:00:05]} Ne3+ {[%clk 0:01:41]} 42. Ke1
{[%clk 0:00:07]} Rxg2 {[%clk 0:01:42]} 43. Rc5 {[%clk 0:00:06]} bxc5
{[%clk 0:01:00]} 44. c7 {[%clk 0:00:08]} Rxh2 {[%clk 0:01:00]} 45. c8=Q+
{[%clk 0:00:09]} Kh7 {[%clk 0:01:01]} 46. Qxc5 {[%clk 0:00:09]} Nf5
{[%clk 0:01:02]} 47. Qxa7 {[%clk 0:00:10]} f6 {[%clk 0:00:59]} 48. Qf7
{[%clk 0:00:10]} Nxg3 {[%clk 0:00:58]} 49. Kd1 {[%clk 0:00:08]} Re2
{[%clk 0:00:45]} 50. Qd7 Re3 {[%clk 0:00:38]} 51. Kd2 {[%clk 0:00:08]} Nf5
{[%clk 0:00:40]} 52. Qd8 {[%clk 0:00:06]} h5 {[%clk 0:00:37]} 53. Qe8
{[%clk 0:00:07]} Rh3 {[%clk 0:00:19]} 54. Qxe6 {[%clk 0:00:07]} g6
{[%clk 0:00:18]} 55. Qf7+ {[%clk 0:00:07]} Ng7 {[%clk 0:00:19]} 56. Qxf6
{[%clk 0:00:08]} Rg3 {[%clk 0:00:19]} 57. Ke2 {[%clk 0:00:07]} Rg4
{[%clk 0:00:18]} 58. Kf3 {[%clk 0:00:08]} Rg1 {[%clk 0:00:18]} 59. Kf2 Rb1
{[%clk 0:00:17]} 60. Qf7 {[%clk 0:00:09]} Rb5 61. Qe7 {[%clk 0:00:07]} Rf5
{[%clk 0:00:20]} 62. Kg3 {[%clk 0:00:08]} Rd5 {[%clk 0:00:17]} 63. Qf7
{[%clk 0:00:07]} Rd3+ {[%clk 0:00:16]} 64. Kh4 {[%clk 0:00:07]} Kh6
{[%clk 0:00:17]} 65. Qf8 {[%clk 0:00:07]} Kh7 {[%clk 0:00:17]} 66. Qf7
{[%clk 0:00:07]} Rf3 {[%clk 0:00:09]} 67. Kg5 {[%clk 0:00:04]} Rf1
{[%clk 0:00:07]} 68. Qe7 {[%clk 0:00:04]} Rf2 {[%clk 0:00:08]} 69. Qf7
{[%clk 0:00:05]} Rb2 {[%clk 0:00:06]} 70. Kf6 {[%clk 0:00:05]} Rb6+
{[%clk 0:00:07]} 71. Kg5 {[%clk 0:00:06]} Rc6 {[%clk 0:00:08]} 72. Qd7
{[%clk 0:00:06]} Rc5+ {[%clk 0:00:09]} 73. Kh4 {[%clk 0:00:07]} Rf5
{[%clk 0:00:10]} 74. Kg3 {[%clk 0:00:08]} h4+ {[%clk 0:00:12]} 75. Kxh4 Rxf4+
{[%clk 0:00:13]} 76. Kg3 {[%clk 0:00:09]} Rf5 {[%clk 0:00:14]} 77. Qe7
{[%clk 0:00:09]} Kh6 {[%clk 0:00:15]} 78. Qe3+ {[%clk 0:00:09]} g5
{[%clk 0:00:15]} 79. Qe7 {[%clk 0:00:09]} Nh5+ {[%clk 0:00:16]} 80. Kg2
{[%clk 0:00:09]} Nf4+ {[%clk 0:00:12]} 81. Kh2 {[%clk 0:00:09]} Ng6
{[%clk 0:00:13]} 82. Qe3 {[%clk 0:00:09]} Kh5 {[%clk 0:00:14]} 83. Qh3+
{[%clk 0:00:09]} Nh4 {[%clk 0:00:15]} 84. Qe3 {[%clk 0:00:09]} g4
{[%clk 0:00:16]} 85. Qe8+ {[%clk 0:00:10]} Ng6 {[%clk 0:00:17]} 86. Qe6
{[%clk 0:00:11]} Kg5 {[%clk 0:00:17]} 87. Kg3 {[%clk 0:00:11]} Rf3+
{[%clk 0:00:19]} 88. Kh2 {[%clk 0:00:12]} g3+ {[%clk 0:00:20]} 89. Kg1 Nh4
{[%clk 0:00:16]} 90. Qg8+ {[%clk 0:00:12]} Kf4 {[%clk 0:00:16]} 91. Qf7+
{[%clk 0:00:10]} Kg4 {[%clk 0:00:17]} 92. Qg7+ {[%clk 0:00:13]} Kh3
{[%clk 0:00:18]} 93. Qd7+ {[%clk 0:00:13]} Rf5 {[%clk 0:00:19]} 94. Qg7
{[%clk 0:00:04]} Rd5 {[%clk 0:00:17]} 0-1

[Event "US Cadet Championship Blitz"]
[Site "Manchester, NH"]
[Date "2017.08.17"]
[Round "3.3"]
[White "Nguyen, Trung"]
[Black "Nguyen, Emily"]
[Result "1-0"]
[BlackElo "2110"]
[WhiteElo "2181"]
[LiveChessVersion "1.4.8"]

1. d4 {[%clk 0:05:01]} d5 {[%clk 0:05:03]} 2. c4 {[%clk 0:05:03]} c6
{[%clk 0:05:05]} 3. Nf3 {[%clk 0:05:01]} Nf6 {[%clk 0:05:05]} 4. e3
{[%clk 0:05:02]} e6 {[%clk 0:05:05]} 5. b3 {[%clk 0:05:02]} c5 {[%clk 0:05:04]}
6. Bb2 {[%clk 0:05:01]} Nc6 {[%clk 0:05:02]} 7. cxd5 Nxd5 {[%clk 0:03:51]} 8.
dxc5 {[%clk 0:04:13]} Qa5+ {[%clk 0:03:51]} 9. Nbd2 {[%clk 0:04:07]} Qxc5
{[%clk 0:03:43]} 10. Be2 {[%clk 0:04:00]} Nc3 {[%clk 0:03:24]} 11. Bxc3
{[%clk 0:03:45]} Qxc3 {[%clk 0:03:24]} 12. O-O {[%clk 0:03:44]} Be7
{[%clk 0:03:24]} 13. Rc1 {[%clk 0:03:25]} Qa5 {[%clk 0:03:19]} 14. Nc4
{[%clk 0:03:21]} Qc7 {[%clk 0:03:19]} 15. Nd4 {[%clk 0:03:20]} O-O
{[%clk 0:03:13]} 16. Nxc6 {[%clk 0:02:54]} bxc6 {[%clk 0:03:04]} 17. Bf3
{[%clk 0:02:54]} Bb7 {[%clk 0:03:00]} 18. Qc2 {[%clk 0:02:55]} c5
{[%clk 0:02:50]} 19. Bxb7 {[%clk 0:02:42]} Qxb7 {[%clk 0:02:50]} 20. Rfd1
{[%clk 0:02:36]} Rfd8 {[%clk 0:02:51]} 21. Qe2 {[%clk 0:02:29]} Qe4
{[%clk 0:02:37]} 22. h3 {[%clk 0:02:20]} h6 {[%clk 0:02:34]} 23. Qf3
{[%clk 0:01:31]} Qxf3 {[%clk 0:02:29]} 24. gxf3 {[%clk 0:01:32]} Rd5
{[%clk 0:02:22]} 25. Kf1 {[%clk 0:01:17]} Rad8 {[%clk 0:02:23]} 26. Ke2
{[%clk 0:01:18]} Bh4 {[%clk 0:02:10]} 27. Rxd5 {[%clk 0:01:02]} exd5
{[%clk 0:01:57]} 28. Ne5 {[%clk 0:00:56]} Rc8 {[%clk 0:01:20]} 29. Nd3
{[%clk 0:00:56]} Be7 {[%clk 0:01:15]} 30. Nf4 {[%clk 0:00:55]} Rd8
{[%clk 0:01:15]} 31. Rd1 {[%clk 0:00:56]} d4 {[%clk 0:01:14]} 32. Rc1
{[%clk 0:00:49]} g5 {[%clk 0:00:39]} 33. Nd3 {[%clk 0:00:48]} dxe3
{[%clk 0:00:30]} 34. fxe3 {[%clk 0:00:49]} Rc8 {[%clk 0:00:22]} 35. Rc4
{[%clk 0:00:49]} a5 {[%clk 0:00:13]} 36. e4 {[%clk 0:00:39]} Kg7 {[%clk 0:00:13]}
37. a3 {[%clk 0:00:34]} Rb8 {[%clk 0:00:12]} 38. Rc3 {[%clk 0:00:27]} Rb5
{[%clk 0:00:07]} 39. Kd2 {[%clk 0:00:27]} Kf6 {[%clk 0:00:06]} 40. Kc2
{[%clk 0:00:28]} Bd6 {[%clk 0:00:05]} 41. a4 {[%clk 0:00:27]} Rb7
{[%clk 0:00:05]} 42. Nxc5 {[%clk 0:00:28]} Bxc5 {[%clk 0:00:06]} 43. Rxc5
{[%clk 0:00:29]} Ra7 {[%clk 0:00:05]} 44. Kc3 {[%clk 0:00:30]} Kg6
{[%clk 0:00:03]} 45. Kc4 {[%clk 0:00:30]} h5 {[%clk 0:00:04]} 46. Rc6+
{[%clk 0:00:29]} f6 47. e5 Rf7 {[%clk 0:00:04]} 48. Kb5 {[%clk 0:00:32]} Kf5
{[%clk 0:00:05]} 49. exf6 Rxf6 {[%clk 0:00:05]} 50. Rxf6+ {[%clk 0:00:22]} Kxf6
{[%clk 0:00:06]} 51. Kxa5 {[%clk 0:00:23]} Kf5 {[%clk 0:00:06]} 52. b4
{[%clk 0:00:25]} Kf4 {[%clk 0:00:05]} 53. b5 {[%clk 0:00:26]} Kg3
{[%clk 0:00:00]} 54. b6 {[%clk 0:00:26]} 1-0

[Event "US Cadet Championship Blitz"]
[Site "Manchester, NH"]
[Date "2017.08.17"]
[Round "3.4"]
[White "Li, Ben"]
[Black "Titus, Andrew"]
[Result "1/2-1/2"]
[BlackElo "2131"]
[WhiteElo "2305"]
[LiveChessVersion "1.4.8"]

1. d4 {[%clk 0:05:01]} d5 {[%clk 0:05:04]} 2. Nf3 {[%clk 0:05:02]} Nf6
{[%clk 0:05:05]} 3. c4 {[%clk 0:05:03]} e6 {[%clk 0:05:06]} 4. Nc3
{[%clk 0:05:03]} Be7 {[%clk 0:05:07]} 5. Bg5 {[%clk 0:05:04]} O-O
{[%clk 0:05:07]} 6. e3 {[%clk 0:05:05]} h6 {[%clk 0:05:09]} 7. Bh4
{[%clk 0:05:06]} b6 {[%clk 0:05:10]} 8. Qc2 {[%clk 0:05:05]} Bb7 {[%clk 0:05:09]}
9. Bxf6 {[%clk 0:04:50]} Bxf6 {[%clk 0:05:10]} 10. cxd5 {[%clk 0:04:50]} exd5
{[%clk 0:05:05]} 11. b4 {[%clk 0:04:50]} c5 {[%clk 0:04:34]} 12. bxc5
{[%clk 0:04:41]} bxc5 {[%clk 0:04:34]} 13. Rb1 {[%clk 0:04:42]} cxd4
{[%clk 0:04:23]} 14. Nxd4 {[%clk 0:04:35]} Bxd4 {[%clk 0:04:13]} 15. exd4
{[%clk 0:04:32]} Re8+ {[%clk 0:04:14]} 16. Be2 {[%clk 0:04:33]} Ba6
{[%clk 0:04:12]} 17. O-O {[%clk 0:04:33]} Bxe2 {[%clk 0:04:07]} 18. Nxe2
{[%clk 0:04:34]} Nd7 {[%clk 0:04:03]} 19. Ng3 {[%clk 0:04:03]} Qf6
{[%clk 0:03:53]} 20. Rb7 {[%clk 0:04:02]} Nb6 {[%clk 0:03:47]} 21. Qf5
{[%clk 0:03:14]} Qxf5 {[%clk 0:03:19]} 22. Nxf5 {[%clk 0:03:15]} Re6
{[%clk 0:02:48]} 23. Rc1 {[%clk 0:02:48]} Kf8 {[%clk 0:02:10]} 24. g3
{[%clk 0:02:48]} Nc4 {[%clk 0:02:06]} 25. Rd7 {[%clk 0:02:09]} Nb6
{[%clk 0:01:55]} 26. Rb7 {[%clk 0:01:55]} Nc4 {[%clk 0:01:55]} 27. Rb5
{[%clk 0:01:56]} Rd8 {[%clk 0:01:08]} 28. Rcb1 {[%clk 0:01:32]} Rb6
{[%clk 0:00:39]} 29. a4 {[%clk 0:01:15]} Rdb8 {[%clk 0:00:15]} 30. Rxb6
{[%clk 0:01:13]} Rxb6 {[%clk 0:00:16]} 31. Rxb6 {[%clk 0:00:51]} Nxb6
{[%clk 0:00:05]} 32. a5 {[%clk 0:00:49]} Nc4 {[%clk 0:00:07]} 33. a6
{[%clk 0:00:51]} h5 {[%clk 0:00:07]} 34. Kf1 {[%clk 0:00:44]} g6 {[%clk 0:00:09]}
35. Nh4 {[%clk 0:00:40]} Na5 {[%clk 0:00:06]} 36. f4 {[%clk 0:00:25]} Nc6
{[%clk 0:00:07]} 37. Nf3 {[%clk 0:00:25]} Nb4 {[%clk 0:00:07]} 38. Ke2
{[%clk 0:00:20]} Nxa6 {[%clk 0:00:09]} 39. f5 {[%clk 0:00:19]} Nb4
{[%clk 0:00:08]} 40. fxg6 {[%clk 0:00:19]} fxg6 {[%clk 0:00:10]} 41. Ne5
{[%clk 0:00:20]} Kg7 {[%clk 0:00:11]} 42. Kd2 {[%clk 0:00:21]} Kf6
{[%clk 0:00:07]} 43. h4 {[%clk 0:00:22]} Na6 {[%clk 0:00:06]} 1/2-1/2

[Event "US Cadet Championship Blitz"]
[Site "Manchester, NH"]
[Date "2017.08.17"]
[Round "3.5"]
[White "Kim, Yoon-Young"]
[Black "Huang, Andy"]
[Result "0-1"]
[BlackElo "2178"]
[WhiteElo "2293"]
[LiveChessVersion "1.4.8"]

1. d4 {[%clk 0:05:03]} d5 {[%clk 0:05:02]} 2. c4 {[%clk 0:05:05]} c6
{[%clk 0:05:04]} 3. Nf3 {[%clk 0:05:06]} Nf6 {[%clk 0:05:05]} 4. e3
{[%clk 0:05:07]} Bf5 {[%clk 0:05:04]} 5. Nc3 {[%clk 0:05:08]} e6 {[%clk 0:05:05]}
6. Nh4 {[%clk 0:05:09]} Bg6 {[%clk 0:05:03]} 7. Be2 {[%clk 0:05:07]} Nbd7
{[%clk 0:05:04]} 8. O-O {[%clk 0:05:05]} Be7 {[%clk 0:04:55]} 9. g3
{[%clk 0:04:58]} Ne4 {[%clk 0:04:44]} 10. Ng2 {[%clk 0:04:48]} h6
{[%clk 0:04:38]} 11. Nf4 {[%clk 0:04:44]} Bh7 {[%clk 0:04:38]} 12. Qb3
{[%clk 0:04:38]} Qb6 {[%clk 0:04:31]} 13. Qa4 {[%clk 0:04:28]} dxc4
{[%clk 0:04:02]} 14. Qxc4 {[%clk 0:04:12]} Nd6 {[%clk 0:03:52]} 15. Qa4
{[%clk 0:04:09]} O-O {[%clk 0:03:50]} 16. Bd2 {[%clk 0:03:56]} Qxb2
{[%clk 0:03:43]} 17. Be1 {[%clk 0:03:21]} Qxa1 {[%clk 0:03:42]} 18. Qb3
{[%clk 0:03:17]} Qc1 {[%clk 0:02:41]} 19. Bd3 {[%clk 0:02:23]} c5
{[%clk 0:02:10]} 20. Bxh7+ {[%clk 0:01:31]} Kxh7 {[%clk 0:02:11]} 21. Nfe2
{[%clk 0:01:17]} c4 {[%clk 0:02:10]} 22. Qb4 {[%clk 0:01:11]} Qc2
{[%clk 0:02:01]} 23. Nf4 {[%clk 0:00:34]} a5 {[%clk 0:01:58]} 24. Qb5 0-1

[Event "US Cadet Championship Blitz"]
[Site "Manchester, NH"]
[Date "2017.08.17"]
[Round "5.1"]
[White "Yip, Carissa"]
[Black "Lu, Albert"]
[Result "1-0"]
[BlackElo "2323"]
[WhiteElo "2187"]
[LiveChessVersion "1.4.8"]

1. e4 {[%clk 0:05:02]} g6 {[%clk 0:05:03]} 2. d4 {[%clk 0:05:01]} d6
{[%clk 0:05:03]} 3. c4 {[%clk 0:04:56]} e5 {[%clk 0:04:48]} 4. Nf3
{[%clk 0:04:23]} Nd7 {[%clk 0:04:36]} 5. Nc3 {[%clk 0:04:19]} Bg7
{[%clk 0:04:36]} 6. Be2 {[%clk 0:04:19]} Ne7 {[%clk 0:04:29]} 7. O-O
{[%clk 0:04:05]} O-O {[%clk 0:04:18]} 8. d5 {[%clk 0:04:05]} f5 {[%clk 0:04:09]}
9. Nd2 {[%clk 0:04:06]} Nf6 {[%clk 0:04:04]} 10. f3 {[%clk 0:04:06]} f4
{[%clk 0:04:02]} 11. b4 {[%clk 0:04:05]} a5 12. bxa5 g5 {[%clk 0:03:18]} 13. c5
{[%clk 0:03:57]} c6 {[%clk 0:02:43]} 14. Nc4 {[%clk 0:02:38]} cxd5
{[%clk 0:02:37]} 15. exd5 {[%clk 0:02:32]} dxc5 {[%clk 0:02:15]} 16. d6
{[%clk 0:02:14]} Nc6 {[%clk 0:02:11]} 17. Ba3 {[%clk 0:02:15]} Nxa5
{[%clk 0:01:09]} 18. Bxc5 {[%clk 0:02:12]} Nxc4 {[%clk 0:01:02]} 19. Bxc4+
{[%clk 0:02:12]} Kh8 {[%clk 0:01:04]} 20. Nb5 {[%clk 0:02:08]} Ra5
{[%clk 0:00:48]} 21. a4 {[%clk 0:01:38]} e4 {[%clk 0:00:38]} 22. fxe4
{[%clk 0:01:33]} Nxe4 {[%clk 0:00:12]} 23. Bd4 {[%clk 0:01:09]} Bf5
{[%clk 0:00:06]} 24. Re1 {[%clk 0:00:52]} Bxd4+ {[%clk 0:00:03]} 25. Qxd4+
{[%clk 0:00:52]} Nf6 {[%clk 0:00:04]} 26. Re5 {[%clk 0:00:41]} Qc8
{[%clk 0:00:04]} 27. Rae1 {[%clk 0:00:31]} h6 {[%clk 0:00:04]} 28. Be6
{[%clk 0:00:20]} Bxe6 {[%clk 0:00:00]} 29. Rxe6 Qd8 30. d7 {[%clk 0:00:20]} Qxd7
{[%clk 0:00:00]} 31. Rd6 {[%clk 0:00:20]} Qf7 32. Ree6 {[%clk 0:00:20]} Kg7
{[%clk 0:00:00]} 1-0

[Event "US Cadet Championship Blitz"]
[Site "Manchester, NH"]
[Date "2017.08.17"]
[Round "5.2"]
[White "Nguyen, Trung"]
[Black "Shen, Christopher"]
[Result "1-0"]
[BlackElo "2167"]
[WhiteElo "2181"]
[LiveChessVersion "1.4.8"]

1. d4 {[%clk 0:05:01]} d6 {[%clk 0:05:03]} 2. c4 {[%clk 0:04:52]} g6
{[%clk 0:05:04]} 3. Nc3 {[%clk 0:04:52]} Bg7 {[%clk 0:05:05]} 4. e4
{[%clk 0:04:53]} Nf6 {[%clk 0:05:06]} 5. Nge2 {[%clk 0:04:52]} O-O
{[%clk 0:05:06]} 6. Ng3 {[%clk 0:04:53]} c5 {[%clk 0:05:04]} 7. d5
{[%clk 0:04:54]} e6 {[%clk 0:05:00]} 8. Be2 {[%clk 0:04:55]} exd5
{[%clk 0:05:01]} 9. exd5 {[%clk 0:04:56]} Re8 {[%clk 0:04:59]} 10. O-O
{[%clk 0:04:56]} Na6 {[%clk 0:04:59]} 11. Bf4 {[%clk 0:04:50]} Nc7
{[%clk 0:04:57]} 12. a4 {[%clk 0:04:48]} h6 {[%clk 0:04:48]} 13. Qd2
{[%clk 0:04:29]} g5 {[%clk 0:04:47]} 14. Be3 {[%clk 0:04:30]} Ng4
{[%clk 0:04:37]} 15. Nh5 {[%clk 0:04:04]} Qe7 {[%clk 0:04:28]} 16. Bxg4
{[%clk 0:03:46]} Bxg4 {[%clk 0:04:28]} 17. Nxg7 {[%clk 0:03:46]} Kxg7
{[%clk 0:04:28]} 18. Rae1 {[%clk 0:03:47]} Qd8 {[%clk 0:04:16]} 19. f4
{[%clk 0:03:46]} f6 {[%clk 0:04:05]} 20. fxg5 {[%clk 0:03:42]} hxg5
{[%clk 0:03:59]} 21. Qf2 {[%clk 0:03:24]} Bh5 {[%clk 0:03:47]} 22. h4
{[%clk 0:02:51]} g4 23. Qf5 {[%clk 0:02:52]} Re5 {[%clk 0:03:25]} 24. Qf4
{[%clk 0:01:58]} Bg6 {[%clk 0:02:16]} 25. Bd2 Qe7 26. Rxe5 {[%clk 0:01:13]} Qxe5
{[%clk 0:02:04]} 27. Qh6+ {[%clk 0:01:13]} Kf7 {[%clk 0:02:05]} 28. Bg5 f5
{[%clk 0:01:58]} 29. h5 {[%clk 0:01:03]} Rg8 {[%clk 0:01:55]} 30. hxg6+
{[%clk 0:01:02]} Rxg6 {[%clk 0:01:55]} 31. Qh7+ Qg7 {[%clk 0:01:40]} 32. Rxf5+
{[%clk 0:01:03]} Ke8 {[%clk 0:01:40]} 33. Qxg7 {[%clk 0:00:59]} Rxg7
{[%clk 0:01:41]} 34. Bh6 {[%clk 0:01:00]} Rg6 35. Bd2 {[%clk 0:00:57]} Ke7
{[%clk 0:01:36]} 36. Nb5 {[%clk 0:00:54]} Nxb5 {[%clk 0:01:34]} 37. axb5
{[%clk 0:00:55]} g3 {[%clk 0:01:34]} 38. Rf3 {[%clk 0:00:55]} Rg4
{[%clk 0:01:35]} 39. b3 a6 {[%clk 0:01:26]} 40. bxa6 {[%clk 0:00:55]} bxa6
{[%clk 0:01:28]} 41. Bf4 {[%clk 0:00:56]} a5 {[%clk 0:01:26]} 42. Bxg3 Rd4 43.
Kh2 {[%clk 0:00:54]} Rd2 {[%clk 0:01:25]} 44. Bh4+ {[%clk 0:00:53]} Kd7
{[%clk 0:01:25]} 45. Rf7+ {[%clk 0:00:54]} Ke8 {[%clk 0:01:25]} 46. Re7+
{[%clk 0:00:54]} Kf8 {[%clk 0:01:26]} 47. Ra7 {[%clk 0:00:54]} Rb2
{[%clk 0:01:26]} 48. Be7+ {[%clk 0:00:53]} Ke8 {[%clk 0:01:24]} 49. Bxd6
{[%clk 0:00:53]} Rxb3 {[%clk 0:01:24]} 50. Bxc5 {[%clk 0:00:54]} Rc3
{[%clk 0:01:24]} 51. Rxa5 {[%clk 0:00:52]} Rxc4 {[%clk 0:01:25]} 52. Kh3
{[%clk 0:00:47]} Kd7 {[%clk 0:01:25]} 53. g4 {[%clk 0:00:48]} Rf4
{[%clk 0:01:24]} 54. Ra7+ {[%clk 0:00:49]} Ke8 {[%clk 0:01:24]} 55. Ra5
{[%clk 0:00:40]} Rf3+ {[%clk 0:01:22]} 56. Kh4 Rf1 {[%clk 0:01:23]} 57. Kh5
{[%clk 0:00:39]} Kf7 {[%clk 0:01:22]} 58. d6 {[%clk 0:00:36]} Rh1+
{[%clk 0:01:21]} 59. Kg5 {[%clk 0:00:37]} Ke6 {[%clk 0:01:22]} 60. Kg6 Rh2
{[%clk 0:01:19]} 61. g5 {[%clk 0:00:36]} Rg2 {[%clk 0:01:18]} 62. Ra7 Rg4
{[%clk 0:00:57]} 63. d7 {[%clk 0:00:31]} Kd5 1-0

[Event "US Cadet Championship Blitz"]
[Site "Manchester, NH"]
[Date "2017.08.17"]
[Round "5.3"]
[White "Li, Ben"]
[Black "Niemann, Hans"]
[Result "1-0"]
[BlackElo "2254"]
[WhiteElo "2305"]
[LiveChessVersion "1.4.8"]

1. d4 {[%clk 0:05:01]} b6 {[%clk 0:04:56]} 2. c4 {[%clk 0:04:54]} Bb7
{[%clk 0:04:56]} 3. Nc3 {[%clk 0:04:55]} e6 {[%clk 0:04:56]} 4. a3 f5
{[%clk 0:04:56]} 5. Nf3 {[%clk 0:04:28]} Nf6 {[%clk 0:04:56]} 6. Bf4
{[%clk 0:04:28]} Be7 {[%clk 0:04:49]} 7. e3 {[%clk 0:04:27]} O-O {[%clk 0:04:47]}
8. Be2 {[%clk 0:04:27]} Nh5 {[%clk 0:04:46]} 9. Bg3 {[%clk 0:04:22]} Nxg3
{[%clk 0:04:45]} 10. hxg3 {[%clk 0:04:23]} d6 {[%clk 0:04:46]} 11. Qc2
{[%clk 0:04:24]} Nd7 {[%clk 0:04:44]} 12. g4 {[%clk 0:04:25]} g6 {[%clk 0:04:40]}
13. gxf5 {[%clk 0:04:23]} exf5 {[%clk 0:04:42]} 14. d5 {[%clk 0:04:22]} Bf6
{[%clk 0:04:40]} 15. O-O-O {[%clk 0:04:13]} Qe7 {[%clk 0:04:40]} 16. Nd4
{[%clk 0:04:12]} Nc5 {[%clk 0:04:35]} 17. g4 {[%clk 0:04:13]} fxg4
{[%clk 0:04:31]} 18. Bxg4 {[%clk 0:04:14]} Bc8 {[%clk 0:04:22]} 19. Bxc8
{[%clk 0:03:56]} Raxc8 {[%clk 0:04:23]} 20. Rdg1 {[%clk 0:03:57]} Bxd4
{[%clk 0:04:09]} 21. exd4 {[%clk 0:03:46]} Rxf2 {[%clk 0:04:08]} 22. Qd1
{[%clk 0:02:50]} Qe3+ {[%clk 0:04:08]} 23. Kb1 {[%clk 0:02:52]} Nd3
{[%clk 0:04:08]} 24. Qh5 {[%clk 0:02:52]} Rf1+ {[%clk 0:03:33]} 25. Kc2
{[%clk 0:01:55]} Rxg1 {[%clk 0:03:30]} 26. Qxh7+ {[%clk 0:01:55]} Kf8
{[%clk 0:03:30]} 27. Rxg1 {[%clk 0:01:45]} Qxg1 {[%clk 0:03:25]} 28. Qh8+
{[%clk 0:01:46]} Kf7 {[%clk 0:03:26]} 29. Qxc8 {[%clk 0:01:46]} Qxd4
{[%clk 0:03:07]} 30. Qxc7+ {[%clk 0:01:47]} Kg8 {[%clk 0:03:08]} 31. Qxd6
{[%clk 0:01:36]} Ne5 {[%clk 0:03:00]} 32. Qe6+ {[%clk 0:01:37]} Kg7
{[%clk 0:03:01]} 33. d6 {[%clk 0:01:32]} Qd3+ {[%clk 0:03:02]} 34. Kb3
{[%clk 0:01:33]} Nf3 {[%clk 0:03:04]} 35. Qe7+ {[%clk 0:01:33]} Kh6
{[%clk 0:03:04]} 36. Qf8+ {[%clk 0:01:29]} Kh5 {[%clk 0:02:56]} 37. Qh8+
{[%clk 0:01:15]} Kg4 {[%clk 0:02:55]} 38. Qc8+ {[%clk 0:01:15]} Kg3
{[%clk 0:02:19]} 39. d7 {[%clk 0:01:16]} Nd4+ {[%clk 0:02:08]} 40. Ka2
{[%clk 0:01:17]} Qc2 {[%clk 0:02:01]} 41. Qc7+ {[%clk 0:00:56]} Kh3
{[%clk 0:01:58]} 42. Qf4 {[%clk 0:00:13]} Qb3+ {[%clk 0:01:56]} 43. Kb1
{[%clk 0:00:12]} Qc2+ {[%clk 0:01:57]} 44. Ka1 {[%clk 0:00:12]} Qd3
{[%clk 0:01:19]} 45. d8=Q Nc2+ {[%clk 0:01:06]} 46. Ka2 {[%clk 0:00:10]} Qxd8 47.
Qf3+ Kh4 {[%clk 0:01:03]} 48. Qf2+ {[%clk 0:00:13]} Kh3 {[%clk 0:01:04]} 49. Qf3+
{[%clk 0:00:14]} Kh4 {[%clk 0:01:03]} 50. Qf2+ {[%clk 0:00:15]} Kh3
{[%clk 0:01:00]} 51. Qxc2 {[%clk 0:00:16]} g5 {[%clk 0:01:01]} 52. Qf5+
{[%clk 0:00:15]} g4 {[%clk 0:01:01]} 53. Ne4 {[%clk 0:00:16]} Kh4
{[%clk 0:00:52]} 54. Qh7# {[%clk 0:00:17]} 1-0